ميزان العمل / (رقم التسجيلة. 95333)

تفاصيل مارك
000 -الفاتح
عناصر البيانات ثابتة الطول 00634cam a2200169 i 4500
005 - تاريخ ووقت آخر معاملة
حقل ضبط 20251112114226.0
008 - عناصر البيانات ثابتة الطول
عناصر البيانات ثابتة الطول 250721s1983 le gr 000 0 ara d
082 14 - رقم تصنيف ديوي العشري
رقم التصنيف 189
رقم المادة غ ز ا
100 1# - مدخل رئيسي – اسم شخصي
الاسم الشخصي الغزالي، ابي حامد محمد
علاقة الشخص بالعمل/ دوره مؤلف.
245 10 - بيان العنوان
العنوان ميزان العمل /
بيان المسؤولية للإمام الهمام حجة الاسلام ابي حامد محمد بن محمد العزالي.
264 31 - بيانات النشر، التوزيع…إلخ
مكان النشر، التوزيع...إلخ بيروت :
اسم الناشر، الموزع...إلخ دار الكتاب العربي،
تاريخ النشر، التوزيع...إلخ 1983.
300 ## - الوصف المادي
عدد الوحدات المكونة للوعاء 139 صفحة.
650 17 - مدخل إضافي بالموضوع - مصطلح موضوعي
مصطلح موضوعي أو اسم جغرافي كعنصر مدخل الفلسفةالإسلامية.
650 17 - مدخل إضافي بالموضوع - مصطلح موضوعي
مصطلح موضوعي أو اسم جغرافي كعنصر مدخل فلسفة الغزالي.
942 ## - بيانات إضافية (كوها)
نوع التنصيف Dewey Decimal Classification
نوع المادة (كوها) كتب
المقتنيات
حالة السحب حالة الفقدان مصدر التصنيف حالة التلف غير قابل للإعارة المكتبة الرئيسية المكتبة الحالية موقع الرف تاريخ التزويد الرقم المتسلسل Total Checkouts رقم الإستدعاء الباركود تاريخ آخر ظهور تاريخ الفاتورة نوع المادة (كوها)
    Dewey Decimal Classification     المكتبة المركزية المكتبة المركزية الإعارة 28/07/2025 851923   189/ غزا 851923 28/07/2025 28/07/2025 كتب
    Dewey Decimal Classification     المكتبة المركزية المكتبة المركزية الإعارة 28/07/2025 849449   189 / غ ز ا 849449 28/07/2025 28/07/2025 كتب
    Dewey Decimal Classification     المكتبة المركزية المكتبة المركزية الإعارة 28/07/2025 849455   189/ غزا 849455 28/07/2025 28/07/2025 كتب
    Dewey Decimal Classification     مكتبة البراءة للأطفال مكتبة البراءة للأطفال الإعارة 28/07/2025 851924   189/ غزا 851924 28/07/2025 28/07/2025 كتب
Implemented & Customized by: BBB with SCIT (Smart Chains for Information Technology)

Powered by Koha